00611nam a2200157 a 450000100100000000500170001000800410002704000250006810000440009324500830013726000560022030000280027650400270030495201050033199900170043600003924320201002031547.0130617s1999 dr a 000 0 spa d aDO-SdBNPbspacBNPHU1 aRamírez Fernández, P. José96545110aY Dios.... se hizo navidad :bnavidad 1999 /cP. José Ramírez Fernández. aSanto Domingo :bPastoral Juvenil Salesiana,c1999. a65 p. :bils. ;c22 cm. aBibliografía : p. 64 0010718PDaPDbPDcCTd2013-06-17iLF1l0o p39243-10r2020-06-25w2020-06-25yLFPDZNo se presta c38733d38733